Biotechnology of perennial fruit crops
Shranjeno v:
| Main Authors: | , |
|---|---|
| Format: | Knjiga |
| Jezik: | angleščina |
| Izdano: |
Wallingford
CAB International
1992
|
| Serija: | Biotechnology in Agriculture, 8
|
| Teme: | |
| Oznake: |
Označite
Brez oznak, prvi označite!
|
MARC
| LEADER | 00000nam a2200000 a 4500 | ||
|---|---|---|---|
| 001 | UCY9113 | ||
| 003 | CL-VaPUC | ||
| 008 | 950713e19920000UK |||||||||||||||||eng|d | ||
| 082 | 0 | 4 | |a 631.523 |b HAM |2 21 |
| 100 | 0 | |a Hammerschlag, F. A |e author |9 341148 | |
| 700 | 0 | |a Litz, R. E |e author |9 341149 | |
| 245 | 1 | 0 | |a Biotechnology of perennial fruit crops |
| 300 | |a 550 p | ||
| 942 | |c BK | ||
| 945 | |d 19950713 00:00:00 |a awong | ||
| 260 | |a Wallingford |b CAB International |c 1992 | ||
| 650 | 0 | |a Frutales |9 264870 | |
| 650 | 0 | |a Biotecnología |9 259561 | |
| 650 | 0 | |a Genética |9 259443 | |
| 650 | 0 | |a Enfermedades de las plantas |9 259687 | |
| 583 | |a last modification |c 19950713 00:00:00 |k Rodrigo Vera | ||
| 490 | 0 | |a Biotechnology in Agriculture, 8 | |
| 999 | |c 236264 |d 236262 | ||
| 952 | |0 0 |1 0 |4 0 |6 631_523000000000000_HAM_1992 |7 0 |8 A |9 244289 |a BIBAGR |b BIBAGR |d 2019-11-18 |i 3106012 |o 631.523 HAM 1992 |p 3106012 |r 2025-01-20 |w 2019-11-18 |y BK |k AGR | ||